Statistics for MLB Stadiums Quiz

Click here to take the quiz!

General Stats

  • This quiz has been taken 19 times
  • The average score is 17 of 30

Answer Stats

TeamAnswer% Correct
Boston Red SoxFenway Park
88%
San Diego PadresPetco Park
82%
Arizona DiamondbacksChase FIeld
76%
Chicago CubsWrigley Field
76%
New York YankeesYankee Stadium
76%
St. Louis CardinalsBusch Stadium
71%
Houston AstrosMinute Maid Park
71%
Pittsburg PiratesPNC Park
71%
Baltimore OriolesCamden Yards
65%
New York MetsCiti Field
65%
Colorado RockiesCoors Field
65%
Minnesota TwinsTarget Field
65%
Los Angeles DodgersDodger Stadium
59%
Tampa Bay RaysTropicana Field
59%
San Francisco GiantsAT&T Park
53%
Cincinnati RedsGreat America Ball Park
53%
Kansas City RoyalsKauffman Stadium
53%
Washington NationalsNationals Park
53%
Seattle MarinersSafeco Field
53%
Detroit TigersComerica Park
47%
Cleveland IndiansProgressive Field
47%
Chicago White SoxGuaranteed Rate Field
41%
Milwaukee BrewersMiller Park
41%
Toronto Blue JaysRogers Centre
41%
Atlanta BravesSun Trust Park
41%
Los Angeles Angels of AnaheimAngel Stadium of Anehiem
35%
Philadelphia PhilliesCitizens Bank Park
35%
Miami MarlinsMarlins Park
35%
Texas RangersGlobe Life Park
29%
Oakland AthleticsO.Co coliseum
12%

Score Distribution

Percentile by Number Answered

Percent of People with Each Score

Your Score History

You have not taken this quiz